Christian witnessing / (Record no. 189)

MARC details
000 -LEADER
fixed length control field 00700nam a2200205 a 4500
003 - CONTROL NUMBER IDENTIFIER
control field PILC
005 - DATE AND TIME OF LATEST TRANSACTION
control field 20241121163337.0
008 - FIXED-LENGTH DATA ELEMENTS--GENERAL INFORMATION
fixed length control field 030103s1942 xx 00 eng d
010 ## - LIBRARY OF CONGRESS CONTROL NUMBER
LC control number Acc#362
040 ## - CATALOGING SOURCE
Transcribing agency Philippine Baptist Theological Seminary
050 ## - LIBRARY OF CONGRESS CALL NUMBER
Classification number BV 3770
Item number L488c 1942
100 10 - MAIN ENTRY--PERSONAL NAME
Personal name Leavell, Frank H.
245 10 - TITLE STATEMENT
Title Christian witnessing /
Statement of responsibility, etc. Frank H. Leavell.
260 0# - PUBLICATION, DISTRIBUTION, ETC (IMPRINT)
Place of publication, distribution, etc. Nashville, TN :
Name of publisher, distributor, etc. Broadman Press,
Date of publication, distribution, etc. c1942.
300 ## - PHYSICAL DESCRIPTION
Extent 87 p. ; 19 cm.
505 ## - FORMATTED CONTENTS NOTE
Formatted contents note Background and Authority--Lost Men, the Necessity for Witnessing--Some Factors for Witnessing--Soul-Winning the Climax of Witnessing
650 ## - SUBJECT ADDED ENTRY--TOPICAL TERM
Topical term or geographic name as entry element WITNESS BEARING (CHRISTIANITY)
650 ## - SUBJECT ADDED ENTRY--TOPICAL TERM
Topical term or geographic name as entry element EVANGELISTIC WORK
942 ## - ADDED ENTRY ELEMENTS (KOHA)
Koha item type Circulation Books
Source of classification or shelving scheme Dewey Decimal Classification
Holdings
Withdrawn status Lost status Source of classification or shelving scheme Damaged status Not for loan Home library Current library Shelving location Date acquired Source of acquisition Cost, normal purchase price Total Checkouts Full call number Barcode Date last seen Price effective from Koha item type
    Dewey Decimal Classification     PBTS Library PBTS Library Circulation Section 01/03/2003 Gift 8.00   BV 3770 L488c 1942 362 03/18/2026 04/02/2015 Circulation Books

Philippine Baptist Theological Seminary | 19 Tacay Road, Central Guisad, Baguio City 2600, Philippines